04399cam a2200517 i 450000100090000000300050000900500170001400800410003101000170007201500190008901600180010802000290012603500130015503500220016804000700019004200140026004300120027405000240028608200250031010000320033524500840036724600420045126400560049330000460054933600260059533700280062133800270064949000570067650400510073350503630078452013010114754507710244865000580321965000310327765000460330865000330335465000210338765000480340865100240345677600350348090600450351594200480356095201280360895201280373699900170386423753825CSPC20250905105353.0240627t20232023enka b 001 0 eng d a 2024401585 aGBC3128452bnb7 a0209307652Uk a9781032001111qhardcover a23753825 a(OCoLC)1344421814 aYDXbengerdacYDXdBDXdUKMGBdOCLCFdYDXdOCLCOdZVPdDLCdCSPC alccopycat acl-----00aP96.T422bL293 202304a302.23098bB891d2231 aBurbano, Andrés,eauthor.10aDifferent engines :bmedia technologies from Latin America /cAndrés Burbano.30aMedia technologies from Latin America 1aAbingdon, Oxon ;aNew York, NY :bRoutledge,c2023. axii, 208 pages :billustrations ;c25 cm. atextbtxt2rdacontent aunmediatedbn2rdamedia avolumebnc2rdacarrier0 aRoutledge research in design, technology and society aIncludes bibliographical references and index.0 aIntroduction -- Part I. Backtracking -- Bioacoustics and photography, Brazil, 1832 -- The color wheel of television history, Mexico, 1939 -- COMDASUAR: a very personal computer, Chile, 1978 -- Part II. Sidetracking -- Lua: the scripting side of the moon, Brazil, 1993 -- Wiring: tangible interaction, intangible history, Italy, Colombia, 2003 -- Conclusions. aDifferent Engines investigates the emergence of technologies in Latin America to create images, sounds, video games, and physical interactions. The book contributes to the construction of a historiographical and theoretical framework for understanding the work of creators who have been geographically and historically marginalized through the study of five exemplary and yet relatively unknown artifacts built by engineers, scientists, artists, and innovators. It offers a broad and detailed view of the complex and sometimes unlikely conditions under which technological innovation is possible and of the problematic logics under which these innovations may come to be devalued as historically irrelevant. Through its focus on media technologies, the book presents the interactions between technological and artistic creativity, working towards a wider understanding of the shifts in both fields that have shaped current perceptions, practices, and design principles while bringing into view the personal, social, and geopolitical singularities embodied by particular devices. It will be an engaging and insightful read for scholars, researchers, and students across a wide range of disciplines, such as media studies, art and design, architecture, cultural history, and the digital humanities.0 aAndrés Burbano is Professor in the Arts and Humanities School at the Open University of Catalunya (Barcelona, Spain) and Visiting Lecturer at Donau-Universität (Krems, Austria). He holds a Ph.D. in Media Arts and Technology from the University of California at Santa Barbara (California, EEUU) and has developed most of his academic career in the School of Architecture and Design at Universidad de los Andes (Bogotá, Colombia). Burbano works as a researcher, curator, and interdisciplinary artist. His research projects focus on media history and media archaeology in Latin America and the Global South, 3D modeling of archaeological sites, and computational technologies' historical and cultural impact. Burbano has been appointed as ACM SIGGRAPH 2024 Chair. 0aMass mediaxTechnological innovationszLatin America. 0aMass mediazLatin America. 6aMédiasxInnovationszAmérique latine. 6aMédiaszAmérique latine. 7aMass media2fast 7aMass mediaxTechnological innovations2fast 7aLatin America2fast08iebook version :z9781000840759 a7bcbcccopycatd2encipf20gy-gencatlg 2ddccBKe23h302.23098iB891dkGRDm2023n0 00102ddc4070aCSPCbCSPCcGRDd2025-09-05l0oGRD 302.23098 B891d 2023p030290r2025-09-05 10:50:52t1-2w2025-09-05yBK 00102ddc4070aCSPCbCSPCcGRDd2025-09-05l0oGRD 302.23098 B891d 2023p030291r2025-09-05 10:50:52t2-2w2025-09-05yBK c30376d30376